000 00911nam a2200253Ia 4500
003 OSt
005 20221005113537.0
006 a|||||r|||| 00| 0
007 ta
008 221004b |||||||| |||| 00| 0 pan d
020 _a9388915674 (pbk)
_cINR 325.00
024 _a65438
037 _bSP/5334, 28/01/2020, Star Publications Pvt. Ltd.
_cTextual
040 _aCRL
_cCRL
_bpan
041 _2pan
_apan
082 _aO28,6M89w, 153Q9
100 _aਨਈਮੀ, ਮਿ॥ਾਈਲ, ਂਚ.
245 0 _aਪੋਥੀ ਮੀਰਦਾਦ
260 _aਲੁਧਿਆਨਾ
_bਚੇਤਨਾ ਪ੍ਰਕਾFਨ ਭਾਰਤ
_c2019
300 _a271ਪ੍ਰ0
_ccm.
650 _aਅਰੈਬੀਕ ਸਾਹਿਤ
942 _hO28,6M89w, 153Q9
_cTEXL
_2cc
999 _c1028537
_d1028537